000 00636nam a22001577a 4500
999 _c533769
_d533769
020 _qHard Cover.
082 _a624.1
100 _aMuhammad Kashif Shahzad
245 _aShear behaviour of ordinary strength RC slender beams (Test on Beams with Minimal Shear and Moderate Longitudinal Reinforcement at Shear Span to Depth Ratio of 2.5) /
_cMuhammad Kashif Shahzad.
260 _aIslamabad:
_bNICE - NUST,
_c2014.
300 _a87 p. :
_bill. ;
_c30cm.
942 _2ddc
_cTHE
650 _aStructural Engineering MS-Thesis.
_917039
700 _aDr. Khaliq ur Rashid Kayani
_927524